My India / (Record no. 154260)
[ view plain ]
| 000 -LEADER | |
|---|---|
| fixed length control field | 00485nam a22001937a 4500 |
| 005 - DATE AND TIME OF LATEST TRANSACTION | |
| control field | 20180718124828.0 |
| 008 - FIXED-LENGTH DATA ELEMENTS--GENERAL INFORMATION | |
| fixed length control field | 180718b xxu||||| |||| 00| 0 eng d |
| 010 ## - LCCN (DPL NO) | |
| LC control number | B-060996 |
| 020 ## - INTERNATIONAL STANDARD BOOK NUMBER | |
| Terms of availability | 0.00 |
| 035 ## - SYSTEM CONTROL NUMBER | |
| System control number | B-060996 |
| 037 ## - SOURCE OF ACQUISITION | |
| Source of stock number/acquisition | BPPD/PUB |
| 082 ## - DEWEY DECIMAL CLASSIFICATION NUMBER | |
| Edition number | S |
| Classification number | COR |
| 100 ## - MAIN ENTRY--PERSONAL NAME | |
| Personal name | Corbett,Jim |
| 245 ## - TITLE STATEMENT | |
| Title | My India / |
| Statement of responsibility, etc | by Jim Corbett |
| 260 ## - PUBLICATION, DISTRIBUTION, ETC. (IMPRINT) | |
| Place of publication, distribution, etc | New Delhi |
| Name of publisher, distributor, etc | Oxford University Press |
| Date of publication, distribution, etc | 2001 |
| 270 ## - ADDRESS | |
| City | New Delhi |
| 300 ## - PHYSICAL DESCRIPTION | |
| Extent | various pages |
| Dimensions | 21cm.(Hb) |
| 942 ## - ADDED ENTRY ELEMENTS (KOHA) | |
| Source of classification or shelving scheme | Dewey Decimal Classification |
| Item type | English Books |
| Call number suffix | S/ COR |
| Withdrawn status | Lost status | Source of classification or shelving scheme | Damaged status | Not for loan | Collection code | Home library | Current library | Date acquired | Source of acquisition | Cost, normal purchase price | Total Checkouts | Full call number | Barcode | Date last seen | Cost, replacement price | Koha item type |
|---|---|---|---|---|---|---|---|---|---|---|---|---|---|---|---|---|
| Dewey Decimal Classification | Fiction | Shahdara Branch | Shahdara Branch | 18/07/2018 | BPPD/PUB | 0.00 | S/ COR | B-060996 | 18/07/2018 | 0.00 | English Books |
